000 00428nam a2200157Ia 4500
008 210716s2010 xx 000 0 und d
020 _a8172245270
041 _aeng
082 _a658.1511CHAB
100 _aChatterjee, B K.
245 _aCost and management accounting: for managers.
_bFor managers.
250 _a1
260 _aNew Delhi
_bJaico Publishing House
_c2010
300 _axxvii,462
650 _aCost Accounting
999 _c208676
_d208676